Southeast Asian metro areas by population - Statistics

General Stats
  • This quiz has been taken 12 times
  • The average score is 14 of 20
Answer Stats
Hint Answer % Correct
5 10,696,258 Bangkok
100%
3 21,281,639 Ho Chi Minh City
100%
1 41,914,000 Jakarta
100%
8 8,455,029 Kuala Lumpur
100%
2 30,785,176 Manila
100%
11 5,685,807 Singapore
100%
4 19,980,000 Hanoi
92%
19 2,506,123 Phnom Penh
92%
7 8,790,308 Bandung
83%
13 4,756,863 Medan
83%
6 9,924,509 Surabaya
83%
9 7,360,703 Yangon
83%
15 3,165,799 Cebu
67%
14 3,339,284 Davao
58%
17 2,725,951 Makassar
50%
12 5,622,814 Da Nang
42%
16 2,843,344 George Town
33%
18 2,634,501 Palembang
33%
10 6,009,982 Semarang
17%
20 2,485,163 Yogyakarta
17%
No matching quizzes found
Score Distribution
Percent of People with Each Score
Percentile by Number Answered
Your Score History
You have not taken this quiz